Normal view
MARC view
- Greenberg, Joshua Furht, Borko Westwater, R
Entry Personal Name
001 - CONTROL NUMBER
- control field: 73826
003 - CONTROL NUMBER IDENTIFIER
- control field: NUST
005 - DATE AND TIME OF LATEST TRANSACTION
- control field: 20210628205105.0
008 - FIXED-LENGTH DATA ELEMENTS
- fixed length control field: 210628|| aca||aabn | a|a d
040 ## - CATALOGING SOURCE
- Original cataloging agency: NUST
- Transcribing agency: NUST
100 ## - HEADING--PERSONAL NAME
- Personal name: Greenberg, Joshua Furht, Borko Westwater, R
670 ## - SOURCE DATA FOUND
- Source citation: Work cat.: (NUST): Greenberg, Joshua Furht, Borko Westwater, R, Motion extimation algorithms for video compression, 1997
